000 00381nam a2200157Ia 4500
008 230524s9999 xx 000 0 und d
082 _a537
_bBEI
100 _aArthur Beiser
245 0 _aApplied Physics (Schaum's Outline Series)
250 _a4TH
260 _aNEW DELHI
_bTMH
_c2004
300 _aXIV;457
500 _aQuantity Number: 1
650 _aPhysics
942 _cBK
999 _c35422
_d35422